=LDR 00000nam 2200000 4500 =001 INLIS000000000016944 =005 20130612112147 =008 ***********************************Ind** =035 ##$$0010-061300000016944 =041 ##$$a Ind =082 ##$$a 92(Thamrin) =090 ##$$a 92(Thamrin), Saf m =100 ##$$a Safwan, Mardanas =245 ##$$a Muhammad Husni Thamrin, Mardana Safwan =260 ##$$a 1986 $b Jakarta =300 ##$$a 63 hlm, 21 cm =650 ##$$a Thamrin, Muhammad Husni, 1894-1941 =850 ##$$a NBPNMAT =990 ##$$a 70367036 =990 ##$$a 01201436219 =990 ##$$a 01201436219